|
|
|
|
| LEADER |
00000nam0a2200000 4500 |
| 001 |
157056 |
| 005 |
20231031153501.0 |
| 010 |
|
|
|a 5010010232
|
| 035 |
|
|
|a (RuTPU)RU\TPU\book\170340
|
| 090 |
|
|
|a 157056
|
| 100 |
|
|
|a 20090402d1988 m y0rusy50 ca
|
| 101 |
1 |
|
|a rus
|c ger
|
| 102 |
|
|
|a RU
|
| 105 |
|
|
|a a z 001ay
|
| 200 |
1 |
|
|a Годы и люди
|e пер. с нем.
|f Ф. Вольф
|g сост. и авт. предисл. В. Н. Девекин
|
| 210 |
|
|
|a Москва
|c Прогресс
|d 1988
|
| 215 |
|
|
|a 376 с.
|c ил.
|
| 225 |
1 |
|
|a Зарубежная художественная публицистика и документальная проза
|
| 333 |
|
|
|a Исключено из фонда НТБ ТПУ
|
| 675 |
|
|
|a 83(09)
|v 3
|
| 700 |
|
1 |
|a Вольф
|b Ф.
|g Фридрих
|
| 702 |
|
1 |
|a Девекин
|b В. Н.
|4 220
|
| 801 |
|
1 |
|a RU
|b 63413507
|c 20090402
|g PSBO
|
| 801 |
|
2 |
|a RU
|b 63413507
|c 20210511
|g RCR
|
| 942 |
|
|
|c BK
|